US National Parks by endemic species - Statistics

General Stats
  • This quiz has been taken 93 times
    77 since last reset
  • The average score is 18 of 27
Answer Stats
Hint Answer % Correct
Manatee, alligator, great blue heron, mangrove Everglades
95%
Jackrabbits, coyote, joshua tree, kangaroo rats Joshua Tree/Grand Canyon
90%
Roadrunners, saguaro cactus, horned lizards, gila monsters Saguaro
84%
Badger, woodpecker, giant sequoia, sierran tree frog Sequoia/Kings Canyon
84%
Bison, pronghorn, douglas fir, prairie rattlesnake Yellowstone/Grand Teton
84%
Caribou, moose, black bear, white spruce Denali/Gates of the Arctic/Kobuk Valley
80%
Cave crayfish, river maple, opossum, bat Mammoth Cave
80%
Bobcat, coho salmon, banana slugs, redwood Redwood
79%
Ponderosa pine, beaver, porcupine, pacific tree frog Crater Lake/Mount Rainier/Olympic/North Cascades
74%
Hawksbill turtle, koa'e kea, kamehameha butterfly, ground orchid Hawaii Volcanoes/Haleakala
72%
Polynesian gecko, sheath-tailed bat, sea turtle, coconut palm American Samoa
69%
Island fox, catalina cherry, island fence lizard, deer mouse Channel Islands
69%
Rio Grande silvery minnow, desert cottontail, diamondback rattlesnake, cottonwood Big Bend
67%
Bottlenose dolphin, fishermans bat, iguana, soursop US Virgin Islands/Dry Tortugas
67%
Elk, mountain bluebird, pika, lodgepole pine Rocky Mountain
66%
Bison, pronghorn, plains garter snake, western wheatgrass Badlands/Wind Cave
64%
Mosquito, loon, lady slipper, walleye Voyageurs/Isle Royale
64%
Humpback whale, harbor seal, wolf, hemlock Wrangell-St. Elias/Glacier Bay/Kenai Fjords/Lake Clark/Katmai
64%
Red river mudpuppy, fish crow, grey fox, hot-water algae Hot Springs
61%
Elkhorn coral, yellow-crowned herons, grey snapper, manatee grass Biscayne
56%
Desert bighorn, blond tarantula, roadrunner, desert chicory Death Valley
56%
American black bear, flying squirrel, river otter, american chestnut Great Smoky Mountains/Congaree
54%
Sandpiper, sea star, balsam fir, periwinkle Acadia
49%
Raccoon, wood duck, woodchuck, ohio buckeye Cuyahoga Valley
48%
Rock squirrel, ringtail cat, mexican spotted owl, mormon tea Zion/Bryce Canyon
44%
Scrub jay, turkey vulture, western collared lizard, pinyon pine Arches/Canyonlands/Mesa Verde/Capitol Reef
33%
Yellow-bellied marmot, peregrine falcon, mountain juniper, yucca Great Sand Dunes
15%
No matching quizzes found
Score Distribution
Percent of People with Each Score
Percentile by Number Answered
Your Score History
You have not taken this quiz since the last reset